Statistics for Countries which highest point is lower then their highest building

Click here to take the quiz!

General Stats

  • This quiz has been taken 20 times
  • The average score is 6 of 10

Answer Stats

DifferenceAnswer% Correct
8mMonaco
76%
212mQatar
76%
54mVatican City
71%
135mBahrain
65%
85mMaldives
65%
109mSingapore
65%
121mKuwait
53%
11mTuvalu
47%
30mBahamas
35%
5mMarshall Islands
29%

Score Distribution

Percentile by Number Answered

Percent of People with Each Score

Your Score History

You have not taken this quiz